| 000 | 00757nam a2200217 a 4500 | ||
|---|---|---|---|
| 001 | 000023268 | ||
| 005 | 20200930022112.0 | ||
| 008 | 101201s1973 mx a r 000 0 spa d | ||
| 040 |
_aDO-SdBNP _bspa _cBNPHU |
||
| 041 | 1 | 7 |
_aspa _heng _2Código de idiomas MARC |
| 082 |
_annnn _bM192a |
||
| 100 | 1 |
_aMager, Robert Frank, _947907 |
|
| 240 | 1 | 0 |
_aGoal analysis. _lEspañol. |
| 245 | 1 | 0 |
_aAnálisis de metas / _cRobert F. Mager ; traducción de Enrique Molina García. |
| 260 |
_aMéxico : _bTrillas, _c1973. |
||
| 300 |
_a150 p. : _bil. ; _c21 cm. |
||
| 504 | _aIncluye referencias bibliográficas y notas al pie de las páginas. | ||
| 534 |
_pTítulo original en inglés: _tGoal analysis. |
||
| 700 | 1 |
_aMolina García, Enrique, _etr. _947908 |
|
| 049 | _aBNGR | ||
| 999 |
_c22765 _d22765 |
||